Global Language Vocabulary- S - Statistics

General Stats
  • This quiz has been taken 64 times
  • The average score is 3 of 12
Answer Stats
Language Answer % Correct
English Sorry
100%
Spanish Lo siento
54%
German Tut mir leid
39%
Japanese 御免なさい, gomenasai
31%
Chinese (Simplified) 对不起, duìbùqǐ
19%
Korean 미안해요, mianhaeyo
14%
Greek Συγγνώμη, sygnómi
14%
Zulu Uxolo
7%
Hindi क्षमा मांगना, kshama maangana
3%
Swahili Pole
3%
Māori Aroha mai
2%
Arabic آسف, asf
2%
No matching quizzes found
Score Distribution
Percent of People with Each Score
Percentile by Number Answered
Your Score History
You have not taken this quiz